书目信息 |
| 题名: |
农村基层法律服务研究
|
|
| 作者: | 傅郁林 主编 | |
| 分册: | ||
| 出版信息: | 北京 中国政法大学出版社 2006.03 |
|
| 页数: | 587页 | |
| 开本: | 23cm | |
| 丛书名: | ||
| 单 册: | ||
| 中图分类: | D916 | |
| 科图分类: | ||
| 主题词: | 农村--nong cun--法律援助--研究--世界 | |
| 电子资源: | ||
| ISBN: | 7-5620-2816-8 | |
| 000 | 00977nam0 2200241 450 | |
| 001 | 012007169104 | |
| 005 | 20070509170945.12 | |
| 010 | @a7-5620-2816-8@dCNY46.00 | |
| 100 | @a20070408d2006 km y0chiy0120 ea | |
| 101 | 0 | @achi |
| 102 | @aCN@b110000 | |
| 105 | @ay a 000yy | |
| 200 | 1 | @a农村基层法律服务研究@Anong cun ji ceng fa lu fu wu yan jiu@d= Researches on Rural Law Services at the Basic Level@f傅郁林主编@Ffu yu lin zhu bian@zeng |
| 210 | @a北京@c中国政法大学出版社@d2006.03 | |
| 215 | @a587页@d23cm | |
| 320 | @a有书目。 | |
| 330 | @a本书包括中国方面的研究、国际考察与交流和国外有关资料三部分,内容包括:中国基层法律服务现状与发展——以农村基层法律服务为窗口、关于律师事务所与法律服务所设置及业务范围划分的专题研究报告等。 | |
| 510 | @aResearches on Rural Law Services at the Basic Level@zeng | |
| 606 | 0 | @a农村@Anong cun@x法律援助@x研究@y世界 |
| 690 | @aD916@v4 | |
| 701 | 0 | @a傅郁林@Afu yu lin@4主编 |
| 801 | 0 | @aCN@c20070509 |
| 905 | @a10447@dD916@eF973 | |
| 农村基层法律服务研究= Researches on Rural Law Services at the Basic Level/傅郁林主编.-北京:中国政法大学出版社,2006.03 |
| 587页;23cm |
| ←并列题名:Researches on Rural Law Services at the Basic Level |
| ISBN 7-5620-2816-8:CNY46.00 |
| 本书包括中国方面的研究、国际考察与交流和国外有关资料三部分,内容包括:中国基层法律服务现状与发展——以农村基层法律服务为窗口、关于律师事务所与法律服务所设置及业务范围划分的专题研究报告等。 |
| ● |
| 相关链接 |
|
|
|
正题名:农村基层法律服务研究
索取号:D916/F973
 
预约/预借
| 序号 | 登录号 | 条形码 | 馆藏地/架位号 | 状态 | 备注 |
| 1 | 240292 | 202402925 | 社科库509/509社科库 82排5列2层/ [索取号:D916/F973] | 在馆 | |
| 2 | 240293 | 202402934 | 社科库509/509社科库 82排5列2层/ [索取号:D916/F973] | 在馆 |